|
|
|
|
| LEADER |
00000nam0a2200000 4500 |
| 001 |
196926 |
| 005 |
20231101224725.0 |
| 010 |
|
|
|a 9785436300092
|
| 035 |
|
|
|a (RuTPU)RU\TPU\book\214814
|
| 090 |
|
|
|a 196926
|
| 100 |
|
|
|a 20110601d2011 m y0rusy50 ca
|
| 101 |
0 |
|
|a rus
|
| 102 |
|
|
|a RU
|
| 105 |
|
|
|a a j 001zy
|
| 200 |
1 |
|
|a Методы решения задач в общем курсе физики. Электричество и магнетизм
|e учебное пособие
|f В. П. Корявов
|
| 210 |
|
|
|a Москва
|c Студент
|d 2011
|
| 215 |
|
|
|a 534 с.
|c ил.
|
| 320 |
|
|
|a Предметный указатель: с. 530-532.
|
| 330 |
|
|
|a В учебном пособии подробно разобраны, методы решения задач по курсу электричества и магнетизма. Задачи систематизированы по разделам, каждый из которых предваряется кратким изложением теоретического материала.
|
| 606 |
1 |
|
|a Электричество
|2 stltpush
|3 (RuTPU)RU\TPU\subj\27825
|9 51518
|
| 606 |
1 |
|
|a Магнетизм
|2 stltpush
|3 (RuTPU)RU\TPU\subj\40707
|9 60547
|
| 610 |
1 |
|
|a задачи
|
| 610 |
1 |
|
|a методы решения
|
| 610 |
1 |
|
|a электрическое поле
|
| 610 |
1 |
|
|a диполь
|
| 610 |
1 |
|
|a теорема Гаусса
|
| 610 |
1 |
|
|a потенциал
|
| 610 |
1 |
|
|a метод электрических изображений
|
| 610 |
1 |
|
|a пондеромоторные силы
|
| 610 |
1 |
|
|a магнитное поле
|
| 610 |
1 |
|
|a закон Био-Савара-Лапласа
|
| 610 |
1 |
|
|a теорема взаимности
|
| 610 |
1 |
|
|a проводники
|
| 610 |
1 |
|
|a сверхпроводники
|
| 610 |
1 |
|
|a электромагнитная индукция
|
| 610 |
1 |
|
|a электрические цепи
|
| 610 |
1 |
|
|a свободные колебания
|
| 610 |
1 |
|
|a вынужденные колебания
|
| 610 |
1 |
|
|a резонанс
|
| 610 |
1 |
|
|a автоколебания
|
| 610 |
1 |
|
|a шумы
|
| 610 |
1 |
|
|a уравнения Максвелла
|
| 610 |
1 |
|
|a электромагнитные волны
|
| 610 |
1 |
|
|a плазма
|
| 610 |
1 |
|
|a учебные пособия
|
| 675 |
|
|
|a 537.3(075.8)
|v 3
|
| 675 |
|
|
|a 537.6(075.8)
|v 3
|
| 700 |
|
1 |
|a Корявов
|b В. П.
|g Владимир Павлович
|
| 801 |
|
1 |
|a RU
|b 63413507
|c 20110601
|
| 801 |
|
2 |
|a RU
|b 63413507
|c 20150526
|g RCR
|
| 900 |
|
|
|a Физика
|
| 942 |
|
|
|c BK
|
| 959 |
|
|
|a 56/20110601
|d 2
|e 694,10
|f ЧЗТЛ:1
|f АНЛ:1
|